Homebuilding in the UK (Record no. 108754)
[ view plain ]
| 000 -LEADER | |
|---|---|
| fixed length control field | 01670cad a22002295a 4500 |
| 001 - CONTROL NUMBER | |
| control field | L145315 |
| 008 - FIXED-LENGTH DATA ELEMENTS--GENERAL INFORMATION | |
| fixed length control field | 080926s2008 xxk d f sf000 0 eng d |
| 035 ## - SYSTEM CONTROL NUMBER | |
| System control number | (Sirsi) u145315 |
| 041 0# - LANGUAGE CODE | |
| Language code of text/sound track or separate title | eng |
| 050 04 - LIBRARY OF CONGRESS CALL NUMBER | |
| Classification number | 338.47624 $2 22 |
| 110 2# - MAIN ENTRY--CORPORATE NAME | |
| Corporate name or jurisdiction name as entry element | United Kingdom |
| Subordinate unit | Office of Fair Trading |
| 9 (RLIN) | 4767 |
| 245 00 - TITLE STATEMENT | |
| Title | Homebuilding in the UK |
| Remainder of title | a market study |
| Medium | [electronic resource] |
| 260 ## - PUBLICATION, DISTRIBUTION, ETC. | |
| Date of publication, distribution, etc. | 2008 |
| 520 ## - SUMMARY, ETC. | |
| Summary, etc. | Presents the market study of home building in the UK. Reveals that there is good competition in the market. Shows that home buyers suffer from defaults in new houses, delays in completing the construction, and issues in the sales process. Explains that to remedy this situation, representatives from the home building industry agreed to form a body to establish a code of conduct which will be operative on March 2010. Suggests that in case of failure of the industry to deliver an effective solution, the Office of Fair Trading recommends a statutory redress scheme. Mentions that the scheme would allow granting compensations to homebuyers for issues related to the sales process, contracts, defaults or delays. Encourages the Government and the Welsh Assembly to support small building companies and self-builders to reach the level required by the Code for Sustainable Homes by helping them to access available solutions. |
| 521 ## - TARGET AUDIENCE NOTE | |
| Target audience note | Advanced |
| 590 ## - LOCAL NOTE (RLIN) | |
| Local note | KA NTK |
| 650 24 - SUBJECT ADDED ENTRY--TOPICAL TERM | |
| Topical term or geographic name entry element | CODE FOR SUSTAINABLE HOMES |
| 651 #4 - SUBJECT ADDED ENTRY--GEOGRAPHIC NAME | |
| Geographic name | United Kingdom |
| Chronological subdivision | |
| 690 ## - LOCAL SUBJECT ADDED ENTRY--TOPICAL TERM (OCLC, RLIN) | |
| Topical term or geographic name as entry element | PROPERTY-RESIDENTIAL PROPERTY-RESIDENTIAL PROPERTY DEVELOPMENT |
| 856 48 - ELECTRONIC LOCATION AND ACCESS | |
| Uniform Resource Identifier | <a href="https://www.oft.gov.uk/shared_oft/reports/comp_policy/oft1020.pdf">https://www.oft.gov.uk/shared_oft/reports/comp_policy/oft1020.pdf</a> |
| Public note | View the item free of charge at www.oft.gov.uk... |
| 942 ## - ADDED ENTRY ELEMENTS (KOHA) | |
| Suppress in OPAC | 0 |
| Withdrawn status | Lost status | Source of classification or shelving scheme | Damaged status | Not for loan | Home library | Current library | Shelving location | Date acquired | Total Checkouts | Full call number | Barcode | Date last seen | Copy number | Price effective from | Koha item type |
|---|---|---|---|---|---|---|---|---|---|---|---|---|---|---|---|
| Dewey Decimal Classification | Virtual | Virtual | Online | 26/09/2008 | ONLINE PUBLICATION | 145315-2001 | 06/08/2019 | 1 | 06/08/2019 | Book |